000
00269nam a2200109Ia 4500
005
20251222141955.0
008
251222s9999||||xx |||||||||||||| ||spa||
082
_a
250.25/A78
245
0
_a
Directorio eclesiƔstico 2001-2002
264
_b
Arzobispado de Lima
942
_c
LIB
999
_c
9813
_d
9813